The ultimate guide to bird dog training : a realistic approach to training close-working gun dogs for tight cover conditions /

Bibliographic Details
Main Author: Robinson, Jerome B.
Format: Book
Language:English
Published: New York : Lyons Press, [2000]
Subjects:

MARC

Tag First Indicator Second Indicator Subfields
LEADER 00000cam a22000004a 4500
001 in00002042575
005 20151101055202.0
008 030815r20001978nyua 001 0 eng
010 |a  00049741  
020 |a 1585741264 
035 |a (OCoLC)ocm45103057 
037 |a 954484  |b QBI 
040 |a DLC  |c DLC  |d QBX  |d OCLCQ  |d TXA  |d UtOrBLW 
042 |a pcc 
049 |a TXAM 
050 0 0 |a SF428.5  |b .R58 2000 
082 0 0 |a 636.7/0888  |2 21 
100 1 |a Robinson, Jerome B. 
245 1 4 |a The ultimate guide to bird dog training :  |b a realistic approach to training close-working gun dogs for tight cover conditions /  |c Jerome B. Robinson. 
264 1 |a New York :  |b Lyons Press,  |c [2000] 
264 4 |c ©2000 
300 |a xii, 247 pages :  |b illustrations ;  |c 24 cm. 
336 |a text  |b txt  |2 rdacontent 
337 |a unmediated  |b n  |2 rdamedia 
338 |a volume  |b nc  |2 rdacarrier 
500 |a Originally published: Hunt close. New York : Winchester Press, 1978. 
650 0 |a Bird dogs  |x Training. 
650 8 |a Bird dogs  |x Training. 
700 1 |a Robinson, Jerome B.  |t Hunt close. 
938 |a Quality Books, Inc.  |b QUAL  |n 00049741 
948 |a cataloged  |b cmulkey  |c 2005/6/28  |d 9:15:27 am 
994 |a C0  |b TXA 
999 |a MARS 
999 f f |s b3d37a31-a3fd-3a8f-acca-a203659c5629  |i a546b9a3-1ede-3dd5-943a-555b1c474d12  |t 0 
952 f f |p ric  |a Texas A&M University  |b Rellis Campus  |c Joint Library Facility  |s JLF  |d Remote Storage  |t 0  |e SF428.5 .R58 2000  |h Library of Congress classification  |i unmediated -- volume  |m A14833113790 
998 f f |a SF428.5 .R58 2000  |t 0  |l Remote Storage